|
|
|
|
| LEADER |
00000nas a22000007a 4500 |
| 005 |
2011091309439.0 |
| 008 |
110913c1978 sp dr| |sll||a00| b1spa d |
| 035 |
|
|
|a 119
|
| 040 |
|
|
|a vLex
|
| 090 |
|
|
|c 2436
|d 2436
|
| 110 |
1 |
|
|a Aragn̤.
|b Gobierno
|
| 245 |
1 |
0 |
|a Boletn̕ Oficial de Aragn̤
|h [Recurso electrn̤ico]
|
| 246 |
1 |
|
|a BOA
|
| 256 |
|
|
|a Servicio en ln̕ea.
|
| 260 |
|
|
|a Zaragoza :
|b Gobierno de Aragn̤, epartamento de Presidencia y Justicia,
|c 1978 -
|
| 300 |
|
|
|a 1 recurso electrn̤ico
|
| 310 |
|
|
|a Diaria
|
| 362 |
|
|
|a Nm︢. 1 (1978) -
|
| 650 |
0 |
4 |
|a Autonoma̕ local
|x Derecho
|x Legislacin̤
|
| 740 |
0 |
|
|a vLex Revistas (Servicio en ln̕ea)
|
| 856 |
4 |
0 |
|u http://vlex.com/source/boa-119/section/02
|z Acceso restringido
|
| 942 |
|
|
|c REV
|